000 00594nam a2200193Ia 4500
003 GCL
008 140319s9999 xx 000 0 ara d
040 _aGCL /
_cGCL
082 0 4 _a350.152
_bد ت
100 1 _aميشال ابى فاضل
245 1 0 _aالتوجيه التربوى والمنهج /
_cميشال ابى فاضل
700 1 _aدريفيون جان
260 _a[S.N] :
_bمنشورات عويدان ،
_c1982
300 _a198 ص
490 _aزدنى علما
_v0
650 0 4 _aالتوجية التربوى
650 0 4 _aالتوجية المهنى
942 _2ddc
_cBK
999 _c36613
_d36613